| 000 | 01080nam a2200265 i 4500 | ||
|---|---|---|---|
| 003 | IT-RoINE | ||
| 005 | 20180719095709.0 | ||
| 008 | 100101s1977 it |||||r||||||11|||mul d | ||
| 040 |
_cIT-RoINE _dIT-RoINE |
||
| 041 | 0 |
_ager _amul |
|
| 245 | 0 | 0 |
_aStudia Historico-Ecclesiastica / _bfestgabe für Prof. Luchesius G. Spätling O.F.M. / _cherausgegeben von Isaac Vasquez, O.F.M. |
| 260 |
_aRom : _bPontifici Atheneo Antonianum, _c1977. |
||
| 300 |
_a793 p., h. de lám. ; _c24 cm. |
||
| 336 |
_2rdacontent _atext |
||
| 337 |
_2rdamedia _aunmediated |
||
| 338 |
_2rdacarrier _avolume |
||
| 490 | 1 |
_aBibliotheca Pontificii Athenaei Antoniani ; _v19 |
|
| 500 | _aIncluye índice. | ||
| 600 | 1 | 4 |
_aSpätling, Luchesius G. _2O.F.M., _dn. 1912 _vDiscursos, ensayos, conferencias _951776 |
| 610 | 2 | 4 |
_aIglesia Católica _xHistoria _vDiscursos, ensayos, conferencias _944582 |
| 700 | 1 |
_aSpätling, Luchesius G. , Vázquez Isaac _951777 |
|
| 700 |
_aVázquez Janeiro, Isaac, _cO.F.M., _d1926-2003 _92587 |
||
| 830 | 0 |
_936943 _aBibliotheca Pontificii Athenaei Antoniani ; _v19 |
|
| 942 | _cMTS | ||
| 999 |
_c26152 _d26152 |
||